000 00361nam a22001457a 4500
003 OSt
005 20220216144446.0
008 220216b |||||||| |||| 00| 0 eng d
020 _a9788120330290
040 _cH U
082 _28th
_a629.83
100 _aJohnson Curtis D.
_930698
245 _aProcess Control Instrumentation Technology
942 _2ddc
_cBOOKS
_n0
999 _c30612
_d30612